Mládežnícke mužstvá to nemajú ľahké je nedostatok obetavých a zapálených ľudí

Bibliographic Details
Main Author: Podolinský, Peter, 1974- (Author)
Format: Article
Language:Slovak
PhysicalDescription:Fotogr.
ISSN:1335-7581
Subjects:

MARC

LEADER 00000nab a2200000 a 4500
001 vtls008844956
003 SK-MaSNL
005 20260305034016.0
008 060906c20060812xo mr| 0 0slo
038 |a RVGKPD 
040 |a RVGKPD  |b slo  |c RVGKPD  |e AACR2 
041 |a slo 
044 |a xo  |c SK 
080 |a 796.332  |2 1997 
100 1 |a Podolinský, Peter,  |d 1974-  |4 aut  |9 872876 
245 1 0 |a Mládežnícke mužstvá to nemajú ľahké  |b je nedostatok obetavých a zapálených ľudí  |c Peter Podolinský 
300 |b Fotogr. 
650 0 7 |a futbal  |2 rvgkpd  |9 3291 
650 0 7 |a mládež  |2 rvgkpd  |9 1575 
651 7 |a Rožňava (Slovensko : okres)  |2 rvgkpd  |9 19215 
773 0 |t Korzár : Gemerský denník  |g Roč. VIII, č. 186 (12.8.2006), s. 9  |x 1335-7581 
852 |a RVGKPD  |b KIS3G 
992 |a RBX 
999 |c 3327331  |d 3329261